Statistics for Boston Celtics 2010s Top 10 Leaders

Click here to take the quiz!

General Stats

  • This quiz has been taken 203 times
  • The average score is 13 of 19

Answer Stats

Answer% Correct
Kevin Garnett
95%
Paul Pierce
95%
Rajon Rondo
94%
Al Horford
91%
Ray Allen
91%
Isaiah Thomas
89%
Jaylen Brown
87%
Marcus Smart
82%
Kyrie Irving
78%
Kendrick Perkins
77%
Avery Bradley
70%
Jae Crowder
49%
Amir Johnson
45%
Jeff Green
45%
Jared Sullinger
38%
Brandon Bass
36%
Terry Rozier
34%
Kelly Olynyk
32%
Evan Turner
25%

Score Distribution

Percentile by Number Answered

Percent of People with Each Score

Your Score History

You have not taken this quiz